[Event "Oberliga NRW 9900 I"]
[Site "Germany"]
[Date "1999.10.26"]
[Round "1.6"]
[White "Fehr, Axel"]
[Black "Strizak, Natasa"]
[Result "0-1"]
[WhiteElo "2106"]
[BlackElo "2180"]
[PlyCount "88"]
[EventDate "1999.10.26"]
[EventType "team"]
[EventRounds "9"]
[EventCountry "GER"]
[SourceTitle "EXT 2001"]
[Source "ChessBase"]
[SourceDate "2000.11.22"]
[SourceVersion "1"]
[SourceVersionDate "2000.11.22"]
[SourceQuality "1"]
[WhiteTeam "Enger Spenge"]
[BlackTeam "Heiligenhaus"]
[WhiteTeamCountry "GER"]
[BlackTeamCountry "GER"]

1. e4 d5 2. exd5 Qxd5 3. Nc3 Qa5 4. d4 Nf6 5. Nf3 c6 6. Bc4 Bf5 7. Bd2 e6 8. Nd5 Qd8 9. Nxf6+ gxf6 10. Be3 Bd6 11. Qe2 Qc7 12. 0-0-0 Nd7 13. Bd3 Bg6 14. Kb1 0-0-0 15. h4 Kb8 16. h5 Bxd3 17. Rxd3 Nb6 18. g3 f5 19. Bg5 Rc8 20. Rc1 h6 21. Bf6 Rhg8 22. Be5 Nd7 23. Bxd6 Qxd6 24. Qe3 Nf6 25. Ne5 Qe7 26. Qxh6 Ka8 27. Qd2 Nxh5 28. Ra3 Qc7 29. Qe3 Nf6 30. d5 c5 31. dxe6 fxe6 32. Nc4 Rge8 33. Qb3 Nd5 34. Qa4 a6 35. Qb3 Rcd8 36. f4 Nf6 37. Qf3 Ne4 38. Ka1 Rd4 39. Ne5 Red8 40. g4 fxg4 41. Qxg4 c4 42. c3 Nf2 43. Qxe6 Rd1 44. Kb1 Qh7+ 0-1

[Event "YUG-ch (Women)"]
[Site "Smederevo"]
[Date "1994.04.21"]
[Round "4"]
[White "Strizak, Natasa"]
[Black "Todorovic, Olivera"]
[Result "1/2-1/2"]
[WhiteElo "2230"]
[BlackElo "2110"]
[PlyCount "57"]
[EventDate "1994.04.18"]
[EventType "swiss"]
[EventRounds "10"]
[EventCountry "YUG"]
[SourceTitle "EXT 2018"]
[Source "ChessBase"]
[SourceDate "2017.10.13"]
[SourceVersion "1"]
[SourceVersionDate "2017.10.13"]
[SourceQuality "1"]

1. e4 c6 2. d4 d5 3. Nc3 dxe4 4. Nxe4 Nd7 5. Bc4 Ngf6 6. Ng5 e6 7. Qe2 Nb6 8. Bd3 h6 9. N5f3 c5 10. dxc5 Bxc5 11. Ne5 0-0 12. Ngf3 Qc7 13. 0-0 Nbd5 14. a3 a5 15. c4 Ne7 16. b3 Nf5 17. Bb2 Qb6 18. Bc2 Nd4 19. Nxd4 Bxd4 20. Bxd4 Qxd4 21. Rfd1 Qc5 22. Ng4 Nxg4 23. Qxg4 f5 24. Qd4 Qxd4 25. Rxd4 e5 26. Rd5 e4 27. f3 exf3 28. gxf3 Ra6 29. Kf2 1/2-1/2

[Event "GER-ch op (Women)"]
[Site "Wuppertal"]
[Date "1994.??.??"]
[Round "?"]
[White "Schleining, Zoya"]
[Black "Strizak, Natasa"]
[Result "1/2-1/2"]
[WhiteElo "2300"]
[BlackElo "2200"]
[PlyCount "153"]
[EventDate "1994.??.??"]
[EventType "swiss"]
[EventRounds "9"]
[EventCountry "GER"]
[SourceTitle "EXT 2004"]
[Source "ChessBase"]
[SourceDate "2003.11.25"]
[SourceVersion "1"]
[SourceVersionDate "2003.11.25"]
[SourceQuality "1"]

1. d4 Nf6 2. Nf3 e6 3. c4 b6 4. g3 Bb7 5. Bg2 Bb4+ 6. Bd2 Be7 7. Nc3 Ne4 8. d5 Nxc3 9. Bxc3 Bf6 10. Nd4 e5 11. Nf5 d6 12. e4 g6 13. Ne3 Nd7 14. 0-0 0-0 15. Qd2 a5 16. f4 Bg7 17. f5 f6 18. h4 g5 19. hxg5 fxg5 20. Qe2 Nf6 21. Ng4 Qe8 22. Nxf6+ Bxf6 23. Bf3 Kg7 24. Kg2 Rh8 25. Rh1 Bc8 26. Rh2 Bd7 27. Rah1 h6 28. Bh5 Qe7 29. Bg6 Rag8 30. b3 Be8 31. Qh5 Bxg6 32. Qxg6+ Kf8 33. Qh5 Kg7 34. Rh3 Qe8 35. Qe2 Rh7 36. g4 Qd7 37. a3 Ra8 38. Kf3 Rb8 39. b4 axb4 40. axb4 Ra8 41. Qb2 Qa4 42. Ke3 Qa2 43. Kd3 Rhh8 44. R3h2 Qa4 45. Qc2 Qd7 46. Qb3 Rac8 47. Ra2 Ra8 48. Rhh2 Qf7 49. Ke3 Rxa2 50. Qxa2 h5 51. gxh5 Rxh5 52. Kf3 Qe8 53. Kg3 Qh8 54. Qe2 Rh4 55. Bd2 g4 56. Qg2 Qh5 57. Qh1 Rxh2 58. Qxh2 Qxh2+ 59. Kxh2 Bh4 60. Kg2 Kf7 61. Be3 Be1 62. b5 Bh4 63. Bd2 Kf6 64. Be3 Be1 65. Bf2 Bxf2 66. Kxf2 g3+ 67. Kxg3 Kg5 68. Kf3 Kh4 69. Ke2 Kg5 70. Kd3 Kf6 71. Kd2 Kg5 72. Ke2 Kf6 73. Kf2 Kg5 74. Kg2 Kh5 75. Kg3 Kg5 76. Kh3 Kh5 77. Kg3 1/2-1/2

[Event "GER-ch op (Women)"]
[Site "Wuppertal"]
[Date "1994.??.??"]
[Round "?"]
[White "Strizak, Natasa"]
[Black "Grabuzova, Tatiana"]
[Result "1/2-1/2"]
[WhiteElo "2200"]
[BlackElo "2380"]
[PlyCount "47"]
[EventDate "1994.??.??"]
[EventType "swiss"]
[EventRounds "9"]
[EventCountry "GER"]
[SourceTitle "EXT 2004"]
[Source "ChessBase"]
[SourceDate "2003.11.25"]
[SourceVersion "1"]
[SourceVersionDate "2003.11.25"]
[SourceQuality "1"]

1. e4 e6 2. d4 d5 3. e5 c5 4. c3 Nc6 5. Nf3 Bd7 6. Be2 Nge7 7. Na3 cxd4 8. cxd4 Nf5 9. Nc2 Qb6 10. 0-0 a5 11. g4 Nfe7 12. Nh4 Ng6 13. Ng2 Be7 14. f4 f5 15. gxf5 exf5 16. Rb1 0-0 17. Be3 Be6 18. Rf3 Nb4 19. a3 Nxc2 20. Qxc2 Rac8 21. Qd1 Rc6 22. Bd3 Qa7 23. Rh3 h6 24. Rg3 1/2-1/2

[Event "YUG-chT (Women)"]
[Site "Cetinje"]
[Date "1993.??.??"]
[Round "6"]
[White "Nikolin, Zorica"]
[Black "Strizak, Natasa"]
[Result "1/2-1/2"]
[WhiteElo "2250"]
[BlackElo "2185"]
[PlyCount "169"]
[EventDate "1993.??.??"]
[EventType "team"]
[EventRounds "11"]
[EventCountry "YUG"]
[SourceTitle "TD"]
[Source "ChessBase"]
[SourceDate "1994.03.01"]
[SourceVersion "1"]
[SourceVersionDate "1994.03.01"]
[SourceQuality "1"]

1. e4 d5 2. exd5 Qxd5 3. Nc3 Qa5 4. d4 Nf6 5. Nf3 Bf5 6. Ne5 c6 7. Bc4 e6 8. 0-0 Nbd7 9. Qe2 Bb4 10. Bd2 0-0 11. a3 Bxc3 12. Bxc3 Qc7 13. b4 Nd5 14. Bb2 a5 15. bxa5 Rxa5 16. Bb3 Rfa8 17. g4 Bg6 18. f4 Nxe5 19. fxe5 c5 20. c4 Nb6 21. d5 exd5 22. e6 d4 23. Rae1 f6 24. e7 Re8 25. Bxd4 Nc8 26. Bb2 Rxe7 27. Qf3 Ra6 28. g5 Rxe1 29. Rxe1 fxg5 30. Qd5+ Kh8 31. Be5 Qf7 32. Qxc5 Rc6 33. Qd4 h6 34. Rf1 Qe7 35. c5 Kh7 36. Bd5 Rxc5 37. Rd1 b6 38. Bg3 h5 39. Bg2 h4 40. Bf2 Re5 41. Bd5 Kh6 42. Bg2 Qf6 43. Rf1 Qe7 44. Rc1 Bf5 45. Rc6+ Kh7 46. Qc3 Nd6 47. Rxb6 Nb5 48. Qa1 h3 49. Rb7 Qf6 50. Bg3 Re6 51. Qxf6 Rxf6 52. Rxb5 hxg2 53. Kxg2 Be4+ 54. Kg1 g4 55. a4 Ra6 56. a5 Bd3 57. Rg5 Be2 58. Kf2 Bf3 59. Ke3 g6 60. Kd4 Kg7 61. Bc7 Kf6 62. Rc5 Be2 63. Rc2 Bf3 64. Bb6 Kf5 65. Rc8 Ke6 66. Re8+ Kd7 67. Rg8 Ra8 68. Rg7+ Kc6 69. Rxg6+ Kb5 70. Rg5+ Ka6 71. Rg7 Kb5 72. Rg5+ Ka6 73. Bc7 Rc8 74. Rg7 Kb5 75. Rf7 Kc6 76. Bb6 Rh8 77. Rc7+ Kb5 78. Rc2 Re8 79. Rc5+ Ka6 80. Bc7 Re6 81. Rf5 Rc6 82. Rf7 Rh6 83. Kc5 Rh5+ 84. Kb4 Rb5+ 85. Kc3 1/2-1/2

[Event "YUG-ch (Women)"]
[Site "Belgrade"]
[Date "1993.??.??"]
[Round "10"]
[White "Pihajlic, Amalija"]
[Black "Strizak, Natasa"]
[Result "1/2-1/2"]
[WhiteElo "2125"]
[BlackElo "2185"]
[PlyCount "88"]
[EventDate "1993.??.??"]
[EventType "swiss"]
[EventRounds "11"]
[EventCountry "YUG"]
[SourceTitle "EXT 2002"]
[Source "ChessBase"]
[SourceDate "2001.11.25"]
[SourceVersion "1"]
[SourceVersionDate "2001.11.25"]
[SourceQuality "1"]

1. d4 Nf6 2. c4 d6 3. Nc3 Nbd7 4. e4 e5 5. d5 Nc5 6. Qc2 a5 7. Nge2 Be7 8. Ng3 h6 9. Be2 Nh7 10. Be3 b6 11. Nf5 Bf8 12. h4 Nf6 13. 0-0-0 g6 14. Ng3 Bd7 15. f3 Qe7 16. h5 0-0-0 17. a3 a4 18. Bxc5 dxc5 19. Nxa4 Ne8 20. Nf1 Qg5+ 21. Kb1 Qxg2 22. Rh2 Qg5 23. Nc3 gxh5 24. f4 Qxf4 25. Bxh5 Nd6 26. Qe2 f5 27. Rf2 Qg5 28. exf5 Nxf5 29. Rg2 Qh4 30. Rh2 Qe7 31. Rf2 Qh7 32. Ka2 Bd6 33. Ne4 Qe7 34. Bg4 Rdf8 35. Ne3 Nd4 36. Bxd7+ Qxd7 37. Qf1 Rxf2 38. Qxf2 Kb7 39. Rf1 Rd8 40. Qf6 h5 41. Nf5 Nxf5 42. Qxf5 h4 43. Nxd6+ Qxd6 44. Qh5 Rf8 1/2-1/2

[Event "YUG-chT (Women)"]
[Site "Cetinje"]
[Date "1991.09.13"]
[Round "9"]
[White "Strizak, Natasa"]
[Black "Zaitseva, Ludmila G"]
[Result "1/2-1/2"]
[WhiteElo "2190"]
[BlackElo "2355"]
[PlyCount "39"]
[EventDate "1991.09.??"]
[EventType "team-swiss"]
[EventRounds "9"]
[EventCountry "YUG"]
[SourceTitle "EXT 1998"]
[Source "ChessBase"]
[SourceDate "1997.11.17"]
[SourceVersion "1"]
[SourceVersionDate "1997.11.17"]
[SourceQuality "1"]

1. e4 e6 2. d4 d5 3. Nd2 Nf6 4. e5 Nfd7 5. Bd3 c5 6. c3 Nc6 7. Ne2 cxd4 8. cxd4 f6 9. exf6 Nxf6 10. Nf3 Bd6 11. 0-0 0-0 12. Bg5 Bd7 13. Bh4 Kh8 14. a3 Rc8 15. b4 a6 16. Qb1 h6 17. Bg6 Be8 18. Bg3 Bxg6 19. Qxg6 Ne7 20. Qd3 1/2-1/2

[Event "YUG-chT (Women)"]
[Site "Cetinje"]
[Date "1991.09.09"]
[Round "6"]
[White "Lazic, Marina"]
[Black "Strizak, Natasa"]
[Result "1-0"]
[WhiteElo "2160"]
[BlackElo "2190"]
[PlyCount "77"]
[EventDate "1991.09.??"]
[EventType "team-swiss"]
[EventRounds "9"]
[EventCountry "YUG"]
[SourceTitle "EXT 1998"]
[Source "ChessBase"]
[SourceDate "1997.11.17"]
[SourceVersion "1"]
[SourceVersionDate "1997.11.17"]
[SourceQuality "1"]

1. d4 Nf6 2. c4 d6 3. Nc3 Nbd7 4. e4 e5 5. Nf3 c6 6. Be2 Be7 7. 0-0 a6 8. Qc2 0-0 9. Rd1 Qc7 10. Rb1 Re8 11. b4 exd4 12. Nxd4 Ne5 13. f3 Bd7 14. Be3 Rac8 15. Nb3 b5 16. c5 Ng6 17. Qd2 dxc5 18. Nxc5 Bxc5 19. Bxc5 Be6 20. Qd6 Qxd6 21. Rxd6 Nd7 22. Be3 c5 23. Rxa6 cxb4 24. Nxb5 Rc2 25. Bd3 Rxa2 26. Rxa2 Bxa2 27. Rxb4 Nde5 28. Be2 h6 29. Nc3 Ra8 30. f4 Nd7 31. Kf2 f6 32. Nxa2 Rxa2 33. Rb7 Ndf8 34. g3 Rc2 35. h4 Rc8 36. h5 Nh8 37. Bd1 Kh7 38. Bd4 Rd8 39. Bxf6 1-0

[Event "Wch U18 Girls 5th"]
[Site "Guarapuava"]
[Date "1991.07.??"]
[Round "6"]
[White "Strizak, Natasa"]
[Black "Zak, Irina"]
[Result "1/2-1/2"]
[WhiteElo "2180"]
[BlackElo "2120"]
[PlyCount "68"]
[EventDate "1991.07.16"]
[EventType "swiss"]
[EventRounds "11"]
[EventCountry "BRA"]
[SourceTitle "EXT 2022"]
[Source "ChessBase"]
[SourceDate "2021.10.06"]
[SourceVersion "1"]
[SourceVersionDate "2021.10.06"]
[SourceQuality "1"]

1. e4 d6 2. d4 Nf6 3. Nc3 e5 4. dxe5 dxe5 5. Qxd8+ Kxd8 6. Bg5 Be6 7. 0-0-0+ Nbd7 8. f3 c6 9. Nge2 Kc7 10. Bh4 Bc5 11. Kb1 a5 12. Nc1 Bb4 13. N3e2 Nb6 14. Bg3 Nfd7 15. Nd4 Bc4 16. Nd3 Rhe8 17. Nf5 Bf8 18. b3 Bxd3 19. Bxd3 a4 20. Ne3 f6 21. Be1 Nc5 22. Bc3 Nbd7 23. b4 Ne6 24. a3 g6 25. Bc4 b5 26. Bxe6 Rxe6 27. Be1 Nb6 28. Bf2 Ree8 29. Ka2 Red8 30. Ng4 Be7 31. Bxb6+ Kxb6 32. Ne3 Rxd1 33. Rxd1 Rd8 34. Rxd8 Bxd8 1/2-1/2

[Event "YUG-ch (Women)"]
[Site "Kladovo"]
[Date "1991.??.??"]
[Round "?"]
[White "Micic, Snezana"]
[Black "Strizak, Natasa"]
[Result "1-0"]
[WhiteElo "2135"]
[BlackElo "2150"]
[PlyCount "76"]
[EventDate "1991.??.??"]
[EventType "swiss"]
[EventRounds "13"]
[EventCountry "YUG"]
[SourceTitle "EXT 2002"]
[Source "ChessBase"]
[SourceDate "2001.11.25"]
[SourceVersion "1"]
[SourceVersionDate "2001.11.25"]
[SourceQuality "1"]

1. e4 c5 2. Nf3 e6 3. d4 cxd4 4. Nxd4 Nf6 5. Nc3 Bb4 6. e5 Nd5 7. Bd2 Nxc3 8. bxc3 Qh4 9. Bd3 Bc5 10. g3 Qe7 11. Qg4 f5 12. exf6 gxf6 13. Qh5+ Kd8 14. 0-0 Nc6 15. Nxc6+ dxc6 16. Be3 Bd6 17. Rfd1 Kc7 18. Qa5+ Kb8 19. Rab1 Qc7 20. Qa4 b6 21. Qb3 e5 22. a4 Bb7 23. a5 c5 24. axb6 Qc6 25. bxa7+ Rxa7 26. Kf1 Rd8 27. Qb6 Qxb6 28. Rxb6 Kc7 29. Rbb1 Ra3 30. Bxh7 Bf3 31. Ra1 Rxc3 32. Rdb1 Kc6 33. Bd2 Rc4 34. Bd3 Rg4 35. Ra6+ Kd5 36. Bf5 Rgg8 37. c4+ Kxc4 38. Be6+ Bd5 1-0